000 02210nas1a22003251i 4500
001 RU\NLR\INFOCOMM16\1000490241
005 20260407173648.0
035 _a(NLR Aleph) 002490985
090 _a2509018
_c2509018
100 _a20031209a19949999|||y0rusy50 ca
101 0 _arus
102 _aRU
110 _aayu||||0|y0
200 1 _aБезопасность
_eИнформ. сб. Фонда нац. и междунар. безопасности
_fФонд нац. и междунар. безопасности
210 _aМ.
_d1994 -
320 _aСодержание информационных сборников "Безопасность" № 1-63 (июль 1992 г. - июнь 2003 г.) // ЭНДИСИ. - 2017, № 1. - С. 192-209
712 0 2 _4570
_aФонд национальной и международной безопасности
_cМосква
_3RU\NLR\AUTH\8810110771
_9721383
801 1 _aRU
_bInfoComm
_c20031209
801 0 _aRU
_bNLR
_gPSBO
852 _aNLR
_jП23/3649
942 _cJOURNAL
980 _aRUSPER